Statistieken voor Hoofdsteden FIFA WK 2022 deelnemers

Klik hier om de quiz te nemen!

Algemene statistieken

  • Deze quiz is 60 keer genomen
  • De gemiddelde score is 20 van 32

Antwoordstatistieken

LandHoofdstad% Correct
NederlandAmsterdam
100%
DuitslandBerlijn
94%
SpanjeMadrid
94%
BelgiëBrussel
90%
EngelandLonden
88%
FrankrijkParijs
88%
Verenigde StatenWashington D.C.
86%
PortugalLissabon
84%
BraziliëBrasilia
80%
DenemarkenKopenhagen
80%
JapanTokio
80%
KroatiëZagreb
78%
ArgentiniëBuenos Aires
74%
ZwitserlandBern
68%
PolenWarschau
68%
QatarDoha
66%
MexicoMexico City
64%
AustraliëCanberra
62%
ServiëBelgrado
58%
MarokkoRabat
58%
CanadaOttawa
54%
Zuid KoreaSeoul
54%
UruguayMontevideo
50%
SenegalDakar
48%
Saudi ArabiëRiyad
46%
EcuadorQuito
44%
WalesCardiff
42%
TunesiëTunis
42%
IranTeheran
38%
GhanaAccra
26%
Costa RicaSan José
22%
KameroenYaoundé
22%

Scoreverdeling

Percentiel versus Aantal Correcte Antwoorden

Procent van Mensen met Elke Score

Uw Scoregeschiedenis

U heeft deze quiz nog niet genomen